Global Warming and Health: (Record no. 9190)

MARC details
000 -LEADER
fixed length control field 00674nam a22002057a 4500
003 - CONTROL NUMBER IDENTIFIER
control field OSt
005 - DATE AND TIME OF LATEST TRANSACTION
control field 20240716114402.0
008 - FIXED-LENGTH DATA ELEMENTS--GENERAL INFORMATION
fixed length control field 240716b |||||||| |||| 00| 0 eng d
020 ## - INTERNATIONAL STANDARD BOOK NUMBER
International Standard Book Number 9781934970362
040 ## - CATALOGING SOURCE
Original cataloging agency DDC
Transcribing agency MUST
082 ## - DEWEY DECIMAL CLASSIFICATION NUMBER
Classification number 363.73874 COT 2009
100 ## - MAIN ENTRY--PERSONAL NAME
Personal name Cotts Nat
9 (RLIN) 18748
245 ## - TITLE STATEMENT
Title Global Warming and Health:
Remainder of title Health and The Environment/
Statement of responsibility, etc. Cotts Nat
260 ## - PUBLICATION, DISTRIBUTION, ETC. (IMPRINT)
Place of publication, distribution, etc. AlphaHouse Publishing:
Name of publisher, distributor, etc. New YORK;
Date of publication, distribution, etc. 2009.
300 ## - PHYSICAL DESCRIPTION
Extent 112P,:
Other physical details ill; ( some col),
Dimensions 24cm.
440 ## - SERIES STATEMENT/ADDED ENTRY--TITLE
Title Global Warming and Health:
Number of part/section of a work Health and The Environment/
9 (RLIN) 18749
504 ## - BIBLIOGRAPHY, ETC. NOTE
Bibliography, etc Includes Bibliographical Indexes
650 ## - SUBJECT ADDED ENTRY--TOPICAL TERM
Topical term or geographic name as entry element Health and the Environment
9 (RLIN) 18750
942 ## - ADDED ENTRY ELEMENTS (KOHA)
Source of classification or shelving scheme Dewey Decimal Classification
Koha item type Open Shelf
Holdings
Withdrawn status Lost status Source of classification or shelving scheme Damaged status Not for loan Home library Current library Source of acquisition Inventory number Total Checkouts Full call number Barcode Date last seen Koha item type
    Dewey Decimal Classification     MUST Main Library MUST Main Library Purchase 10/34335   363.73874 COT 2009 2024-21973 16/07/2024 Open Shelf